Опыт работы предприятий железнодорожного транспорта по повышению доходности эксплуатационной и подсобно-вспомогательной деятельности (Запись № 6460307)

Подробности
000 -МАРКЕР
контрольное поле 00867nas1a22001931i 4500
001 - ИДЕНТИФИКАТОР ЗАПИСИ
контрольное поле rc\170289
005 - ИДЕНТИФИКАТОР ВЕРСИИ
контрольное поле 20240723212329.0
035 ## - ДРУГИЕ СИСТЕМНЫЕ НОМЕРА
Идентификатор записи (NLR Aleph) 005616649
100 ## - ДАННЫЕ ОБЩЕЙ ОБРАБОТКИ
Данные общей обработки 20030307a19919999u |0rusy50 ca
101 0# - ЯЗЫК РЕСУРСА
Язык текста, звукозаписи и т.д. русский
102 ## - СТРАНА ПУБЛИКАЦИИ ИЛИ ПРОИЗВОДСТВА
Страна публикации Российская Федерация
200 1# - ЗАГЛАВИЕ И СВЕДЕНИЯ ОБ ОТВЕТСТВЕННОСТИ
Основное заглавие Опыт работы предприятий железнодорожного транспорта по повышению доходности эксплуатационной и подсобно-вспомогательной деятельности
Первые сведения об ответственности ЦНИИ информ. техн.-экон. исслед. и пропаганды ж.-д. трансп. (ЦНИИ ТЭИ МПС)
210 ## - ПУБЛИКАЦИЯ, РАСПРОСТРАНЕНИЕ И ДР.
Место издания, распространения и т.д. М.
Дата издания, распространения и т.д. 1991-
300 ## - ОБЩИЕ ПРИМЕЧАНИЯ
Текст примечания В надзаг. также: М-во путей сообщ. СССР
801 #0 - ИСТОЧНИК ЗАПИСИ
Страна Российская Федерация
Организация NLR
Правила каталогизации psbo
801 #1 - ИСТОЧНИК ЗАПИСИ
Страна Российская Федерация
Организация ELAR
Источник данных rusmarc
852 ## - МЕСТОНАХОЖДЕНИЕ И ШИФР ХРАНЕНИЯ
Идентификатор организации NLR
Шифр хранения (Call Number) П22/6078
942 ## - ДОПОЛНИТЕЛЬНЫЕ ЭЛЕМЕНТЫ ЗАПИСИ (АБИС)
Тип экземпляра АБИС Продолжающееся издание

Нет доступных экземпляров.